000 00812cam a2200277 a 4500
008
020 _a9780702054655 (pbk.)
049 _aMAIN
090 _aRT41
_bALE
245 0 0 _aAlexander's nursing practice/
_cedited by Chris Brooker and Maggie Nicol.
250 _a4th ed.
260 _aEdinburgh :
_bChurchill Livingstone,
_c2012.
300 _axv, 979 p. :
_bill. ;
_c28 cm.
500 _aIncludes index.
504 _aIncludes bibliographical references.
650 1 2 _aNursing Care
_xmethods.
650 2 2 _aNurse's Practice Patterns.
650 0 _aNursing.
700 1 _aBrooker, Chris.
700 1 _aNicol, Maggie.
907 _a.b10349467
_b17-11-14
_c17-11-14
003
005 20230123122113.0
040 _cNUST
942 _cBOOKS
_kRT41
_mALE
999 _c127856
_d127856